Orange Movies Quiz Stats

Quiz Updated Aug 6, 2013

Also try: White Movies
Challenge
Share
Tweet
Score 0/24 Timer 08:00
0 Plays Today
% Correct
Hercules
89.2%
The Lion King
89%
Cars
89%
Planet of the Apes
88.8%
Ocean's Eleven
87.2%
Fantasia
85.3%
The Karate Kid
84.4%
Good Will Hunting
79.5%
The Lorax
76.7%
Finding Nemo
74.5%
The Lord of the Rings
72.2%
Fantastic Four
71.3%
% Correct
Armageddon
67.7%
Fantastic Mr. Fox
64.9%
When Harry Met Sally
61%
Mars Attacks!
59.5%
Blood Diamond
55.8%
The Fifth Element
55.2%
Amadeus
54.9%
The Hunchback of Notre Dame
38.5%
The Incredibles
30.2%
Rounders
26.9%
Mission: Impossible 2
25.1%
Deep Impact
14.6%

You're not logged in!

Compare scores with friends on all Sporcle quizzes.
Join for Free
OR
Log In

You Might Also Like...

Show Comments

Extras

Top Quizzes Today


Score Distribution

Your Account Isn't Verified!

In order to create a playlist on Sporcle, you need to verify the email address you used during registration. Go to your Sporcle Settings to finish the process.

Report this User

Report this user for behavior that violates our Community Guidelines.

Details: